[Event "34th WCh U20 Girls"]
[Site "Bhubaneswar IND"]
[Date "2016.08.21"]
[Round "13.2"]
[White "Parnali, S. Dharia"]
[Black "Dordzhieva, Dinara"]
[Result "1/2-1/2"]
[WhiteElo "2203"]
[BlackElo "2304"]
[EventDate "2016.08.08"]
[PlyCount "118"]

1.d4 d5 2.c4 e6 3.Nf3 c6 4.Qc2 Nf6 5.g3 dxc4 6.Qxc4 b5 7.Qc2 Bb7 8.Bg2 
Nbd7 9.O-O c5 10.dxc5 Bxc5 11.Bf4 O-O 12.Nbd2 Rc8 13.Qd3 Qb6 14.a4 a6 15.
a5 Qa7 16.Nb3 Be4 17.Qd2 Be7 18.Rac1 Nd5 19.Rxc8 Rxc8 20.Rc1 Qb7 21.Rxc8+ 
Qxc8 22.Qc1 Qb7 23.Bd2 h6 24.Ne5 Bxg2 25.Nxd7 Qxd7 26.Kxg2 Nb4 27.f3 Nc6 
28.Be3 Qd5 29.Qc2 Qc4 30.Qd1 h5 31.Kf2 Bf6 32.Qd7 Ne5 33.Qe8+ Kh7 34.Nc5 
Qc2 35.b4 Kg6 36.Qa8 Be7 37.Kf1 Qb1+ 38.Kf2 Qxb4 39.Nxa6 Qxa5 40.Qe4+ f5 
41.Qxe5 Qxa6 42.Qc7 Qd6 43.Qc8 Bd8 44.Kg2 Qd5 45.Bc5 Kf7 46.h4 Kg6 47.Qb8 
Qd7 48.Bb4 Bf6 49.Qf8 Kh7 50.Bd6 Qd8 51.Qf7 Qxd6 52.Qxh5+ Kg8 53.Qe8+ Qf8 
54.Qxe6+ Kh8 55.Qxf5 b4 56.Qh5+ Kg8 57.Qd5+ Qf7 58.Qa8+ Qf8 59.Qd5+ Qf7 
1/2-1/2

[Event "34th WCh U20 Girls"]
[Site "Bhubaneswar IND"]
[Date "2016.08.21"]
[Round "13.3"]
[White "Vaishali, Ramesh Babu"]
[Black "Bivol, Alina"]
[Result "1-0"]
[WhiteElo "2284"]
[BlackElo "2362"]
[EventDate "2016.08.08"]
[PlyCount "89"]

1.e4 e6 2.d3 d5 3.Qe2 c5 4.Nf3 Nc6 5.g3 Nf6 6.Bg2 Be7 7.O-O O-O 8.e5 Nd7 
9.c4 Nb6 10.Re1 f6 11.Na3 fxe5 12.Nxe5 Nd4 13.Qd1 Bf6 14.Bf4 g5 15.Bd2 Bg7
16.f4 dxc4 17.fxg5 cxd3 18.Nxd3 Nf5 19.Bc3 Bd4+ 20.Bxd4 Qxd4+ 21.Kh1 Ne3 
22.Nb5 Nxd1 23.Nxd4 Nf2+ 24.Nxf2 cxd4 25.Ng4 e5 26.Nf6+ Kg7 27.Rxe5 Rf7 
28.Rf1 Bd7 29.Bxb7 Rb8 30.Ba6 Bc6+ 31.Kg1 Nd7 32.Re6 Ba8 33.Bc4 Nxf6 34.
gxf6+ Kf8 35.Rd6 Rc7 36.b3 Bc6 37.Rf5 Be4 38.Re5 Bb1 39.Rxd4 Rc6 40.f7 Bg6
41.Rd7 Rcc8 42.h4 Rd8 43.Rxd8+ Rxd8 44.h5 Bb1 45.Rg5 1-0

[Event "34th WCh U20 Girls"]
[Site "Bhubaneswar IND"]
[Date "2016.08.21"]
[Round "13.4"]
[White "Michelle Catherina"]
[Black "Rodriguez Rueda, Paula Andrea"]
[Result "1/2-1/2"]
[WhiteElo "2205"]
[BlackElo "2321"]
[EventDate "2016.08.08"]
[PlyCount "74"]

1.e4 c5 2.Nf3 d6 3.d4 cxd4 4.Qxd4 Nc6 5.Bb5 Bd7 6.Bxc6 Bxc6 7.c4 Nf6 8.Nc3
g6 9.O-O Bg7 10.Qd3 O-O 11.Nd4 Ng4 12.Rd1 Qb6 13.Qd2 Qc5 14.h3 Nf6 15.Qe2 
Rac8 16.b3 Qe5 17.f3 Nh5 18.Be3 f5 19.exf5 gxf5 20.Rac1 Qg3 21.Bf2 Qe5 22.
Ne6 Rf7 23.Bxa7 Qxe2 24.Nxe2 Ra8 25.Bd4 Rxa2 26.Nc3 Ra8 27.Nd5 Bxd4+ 28.
Rxd4 Ra2 29.Re1 Ng3 30.Kh2 Ne2 31.Rdd1 Bd7 32.Nb4 Rb2 33.Nd3 Ra2 34.Nb4 
Rb2 35.Nd3 Ra2 36.Nb4 Rb2 37.Nd3 Ra2 1/2-1/2

[Event "34th WCh U20 Girls"]
[Site "Bhubaneswar IND"]
[Date "2016.08.21"]
[Round "13.5"]
[White "Buksa, Natalia"]
[Black "Nandhidhaa, Venkatachalam"]
[Result "0-1"]
[WhiteElo "2261"]
[BlackElo "2151"]
[EventDate "2016.08.08"]
[PlyCount "104"]

1.e4 c5 2.Nf3 e6 3.d4 cxd4 4.Nxd4 Nc6 5.Nc3 Qc7 6.Be2 a6 7.Be3 Nf6 8.O-O 
Be7 9.f4 d6 10.Kh1 O-O 11.Qe1 b5 12.Nxc6 Qxc6 13.a3 Bb7 14.Rd1 Qc7 15.Bf3 
Rad8 16.Qf2 Nd7 17.Bd4 Bf6 18.Bxf6 Nxf6 19.e5 Bxf3 20.exd6 Bxg2+ 21.Qxg2 
Rxd6 22.Rde1 Rfd8 23.Re2 Qc5 24.Ne4 Nxe4 25.Qxe4 Rd4 26.Qb7 Qd6 27.Qf3 g6 
28.Kg2 Qc5 29.Qe3 Qd5+ 30.Qf3 Qf5 31.h3 Rd2 32.c3 Rxe2+ 33.Qxe2 Rd3 34.Rf3
Rxf3 35.Qxf3 Qd5 36.Qxd5 exd5 37.Kf3 Kg7 38.Ke3 Kf6 39.Kd4 Ke6 40.Kc5 h6 
41.h4 f6 42.b3 g5 43.fxg5 fxg5 44.hxg5 hxg5 45.c4 dxc4 46.bxc4 g4 47.cxb5 
g3 48.bxa6 g2 49.Kb6 g1=Q+ 50.Kb7 Qb1+ 51.Ka8 Kd7 52.a7 Kc7 0-1

[Event "34th WCh U20 Girls"]
[Site "Bhubaneswar IND"]
[Date "2016.08.21"]
[Round "13.6"]
[White "Gu Tianlu"]
[Black "Frayna, Janelle Mae"]
[Result "1/2-1/2"]
[WhiteElo "2239"]
[BlackElo "2292"]
[EventDate "2016.08.08"]
[PlyCount "119"]

1.d4 d5 2.c4 c6 3.Nc3 Nf6 4.e3 e6 5.b3 Nbd7 6.Bb2 Bd6 7.Bd3 O-O 8.Nge2 
dxc4 9.bxc4 c5 10.d5 Ne5 11.f4 Nxd3+ 12.Qxd3 e5 13.O-O Bd7 14.f5 a6 15.a4 
b6 16.Ng3 Qe7 17.e4 Rfb8 18.Bc1 h6 19.Qe2 Ra7 20.Nh5 Rab7 21.Nxf6+ Qxf6 
22.Rb1 Kf8 23.Be3 Be7 24.d6 Qxd6 25.Rbd1 Qc6 26.f6 Bxf6 27.Nd5 Bd8 28.Qh5 
Qe6 29.Bxh6 gxh6 30.Rxf7+ Qxf7 31.Rf1 Qxf1+ 32.Kxf1 Bg5 33.h4 Be8 34.Qg4 
Rf7+ 35.Kg1 Bd7 36.Qh5 Be8 37.Qg4 Bd7 38.Qg3 Bf4 39.Qg6 Rb7 40.Nxf4 exf4 
41.Qxh6+ Kg8 42.Qg5+ Kf8 43.Qh6+ Ke8 44.e5 Bxa4 45.e6 Rh7 46.Qxf4 b5 47.
Qg5 Rhc7 48.h5 Bc2 49.Qg8+ Ke7 50.Qf7+ Kd6 51.e7 Rxe7 52.Qd5+ Kc7 53.Qxc5+
Kb8 54.cxb5 axb5 55.Qxc2 b4 56.Qb3 Rg7 57.h6 Rh7 58.Qg8+ Ka7 59.Qa2+ Kb8 
60.Qg8+ 1/2-1/2

[Event "34th WCh U20 Girls"]
[Site "Bhubaneswar IND"]
[Date "2016.08.21"]
[Round "13.7"]
[White "Stiazhkina, Anna"]
[Black "Tokhiryonova, Gulrukhbegim"]
[Result "1-0"]
[WhiteElo "2315"]
[BlackElo "2328"]
[EventDate "2016.08.08"]
[PlyCount "95"]

1.e4 e6 2.d4 d5 3.Nd2 Nc6 4.Ngf3 Nf6 5.e5 Nd7 6.c3 f6 7.Bb5 fxe5 8.dxe5 
Be7 9.O-O O-O 10.Re1 Qe8 11.Nf1 a6 12.Ba4 Qf7 13.Ng3 b5 14.Bc2 Bb7 15.Qd3 
g6 16.Bh6 Rfe8 17.Re2 b4 18.h4 a5 19.Qd2 bxc3 20.bxc3 Bf8 21.h5 Bxh6 22.
Qxh6 Qg7 23.Qg5 Ne7 24.hxg6 hxg6 25.Nh4 Nf8 26.Re3 Nf5 27.Ngxf5 exf5 28.f4
Ra6 29.Rg3 Nh7 30.Qxg6 Rxg6 31.Rxg6 Qxg6 32.Nxg6 Bc8 33.Nh4 Nf8 34.Nxf5 
Ne6 35.Ba4 Rd8 36.Ne7+ Kf7 37.Nxc8 Rxc8 38.Bc6 Ke7 39.g3 d4 40.f5 Nd8 41.
Ba4 dxc3 42.Rc1 c5 43.Rxc3 Nf7 44.f6+ Ke6 45.Bb3+ Kxe5 46.Bxf7 Kxf6 47.Bb3
Ke5 48.Rc4 1-0

[Event "34th WCh U20 Girls"]
[Site "Bhubaneswar IND"]
[Date "2016.08.21"]
[Round "13.8"]
[White "Injac, Teodora"]
[Black "Mahalakshmi, Muganda Kumar"]
[Result "0-1"]
[WhiteElo "2252"]
[BlackElo "2101"]
[EventDate "2016.08.08"]
[PlyCount "110"]

1.Nf3 d5 2.c4 d4 3.b4 f6 4.d3 e5 5.a3 c5 6.g3 cxb4 7.Bg2 bxa3 8.O-O Bc5 9.
Nbd2 Ne7 10.Ne4 Bb4 11.Bxa3 Bxa3 12.Qa4+ Nbc6 13.Qxa3 O-O 14.Rfb1 b6 15.
Ne1 f5 16.Nd6 Rf6 17.Nxc8 Rxc8 18.Rb5 Qd6 19.Nc2 Qxa3 20.Rxa3 Kf8 21.Nb4 
Nxb4 22.Rxb4 Rc7 23.Ra6 Nc8 24.Bd5 Ke8 25.Rb1 Rd6 26.Ba8 Ke7 27.Rf1 Kd8 
28.Re1 h6 29.e3 e4 30.dxe4 fxe4 31.exd4 Rxd4 32.Bxe4 Rdxc4 33.Rd1+ Ke7 34.
Re1 Rc1 35.Rxc1 Rxc1+ 36.Kg2 Rc7 37.h4 Nd6 38.Bf3 Nc4 39.Ra2 a5 40.Be2 Kd6
41.g4 b5 42.f4 a4 43.Kf3 Kd5 44.f5 Ra7 45.Bd1 a3 46.Kf4 Nb2 47.Bc2 Kc4 48.
g5 Nd3+ 49.Bxd3+ Kxd3 50.g6 b4 51.f6 gxf6 52.Rg2 b3 53.g7 Rxg7 54.Rxg7 a2 
55.Rg3+ Kc4 0-1

[Event "34th WCh U20 Girls"]
[Site "Bhubaneswar IND"]
[Date "2016.08.21"]
[Round "13.9"]
[White "Bala Kannamma, P."]
[Black "Du Yuxin"]
[Result "0-1"]
[WhiteElo "2039"]
[BlackElo "1957"]
[EventDate "2016.08.08"]
[PlyCount "92"]

1.e4 c6 2.d4 d5 3.Nc3 dxe4 4.Nxe4 Bf5 5.Ng3 Bg6 6.h4 h6 7.Nf3 Nd7 8.h5 Bh7
9.Bd3 Bxd3 10.Qxd3 e6 11.Bf4 Qa5+ 12.Bd2 Bb4 13.Ne4 Ngf6 14.Nd6+ Ke7 15.
Nc4 Bxd2+ 16.Nfxd2 Qa6 17.a4 c5 18.dxc5 Nxc5 19.Qa3 Qc6 20.O-O-O Rac8 21.
a5 Qa4 22.Qxa4 Nxa4 23.Ne5 Rc5 24.Ndc4 Rhc8 25.Rd4 b5 26.axb6 Nxb6 27.Rhh4
Nxc4 28.Rxc4 Rxc4 29.Nxc4 Rc5 30.b4 Rxh5 31.Rxh5 Nxh5 32.Ne5 Nf4 33.g3 Nd5
34.b5 Nc3 35.Nc6+ Kd6 36.Nxa7 Kc5 37.Nc6 Nxb5 38.Ne5 Nd6 39.Kd2 Nc4+ 40.
Nxc4 Kxc4 41.f3 e5 42.Ke3 f5 43.Kd2 g6 44.Kd1 Kc3 45.Kc1 h5 46.Kd1 g5 0-1

[Event "34th WCh U20 Girls"]
[Site "Bhubaneswar IND"]
[Date "2016.08.21"]
[Round "13.10"]
[White "Varshini, Velavan"]
[Black "Ivanova, Karina"]
[Result "1/2-1/2"]
[WhiteElo "2129"]
[BlackElo "2129"]
[EventDate "2016.08.08"]
[PlyCount "61"]

1.e4 d6 2.d4 Nf6 3.Nc3 e5 4.dxe5 dxe5 5.Qxd8+ Kxd8 6.Nf3 Bd6 7.Bg5 Be6 8.
O-O-O Ke7 9.Nd5+ Bxd5 10.Bxf6+ Kxf6 11.Rxd5 Nd7 12.Nd2 Nb6 13.Rd3 Rhd8 14.
Nc4 Ke7 15.Na5 Rab8 16.Be2 Bb4 17.Nb3 Rxd3 18.Bxd3 Nd7 19.c3 Nc5 20.Nxc5 
Bxc5 21.f3 Rd8 22.Rd1 Bg1 23.h3 Bf2 24.Bc4 Rxd1+ 25.Kxd1 Bg1 26.Ke2 f6 27.
Bg8 h6 28.Bd5 c6 29.Bb3 Bc5 30.Kd3 Kd6 31.Bg8 1/2-1/2

[Event "34th WCh U20 Girls"]
[Site "Bhubaneswar IND"]
[Date "2016.08.21"]
[Round "13.11"]
[White "Alinasab, Mobina"]
[Black "Harshita, Guddanti"]
[Result "1-0"]
[WhiteElo "2199"]
[BlackElo "2180"]
[EventDate "2016.08.08"]
[PlyCount "85"]

1.e4 c5 2.Nf3 d6 3.d4 cxd4 4.Nxd4 Nf6 5.Nc3 g6 6.Be3 Bg7 7.f3 O-O 8.Qd2 
Nc6 9.O-O-O d5 10.exd5 Nxd5 11.Nxc6 bxc6 12.Bd4 Bxd4 13.Qxd4 Qb6 14.Nxd5 
cxd5 15.h4 Rd8 16.Qe5 Qe6 17.Qd4 Qb6 18.Qe5 Qe6 19.Qc3 Ba6 20.Bxa6 Qxa6 
21.Kb1 Rac8 22.Qe5 Qd6 23.Qe2 Rb8 24.Qd2 d4 25.h5 Qf6 26.hxg6 hxg6 27.Qc1 
Rd6 28.Rd3 Rdb6 29.b3 e5 30.g4 Rc8 31.g5 Qg7 32.Rd2 Rbc6 33.Qf1 f6 34.gxf6
Rxf6 35.Rdh2 Rfc6 36.Qh3 R8c7 37.Qg4 Qf6 38.Qe4 Kf7 39.Qd5+ Qe6 40.Rh7+ 
Kf6 41.Qd8+ Re7 42.Qh8+ Kg5 43.Rxe7 1-0

[Event "34th WCh U20 Girls"]
[Site "Bhubaneswar IND"]
[Date "2016.08.21"]
[Round "13.12"]
[White "Priyanka, K."]
[Black "Salonika, Saina"]
[Result "1-0"]
[WhiteElo "2048"]
[BlackElo "2131"]
[EventDate "2016.08.08"]
[PlyCount "44"]

1.e4 c5 2.Nf3 d6 3.d4 cxd4 4.Nxd4 Nf6 5.Nc3 g6 6.Be3 Bg7 7.f3 O-O 8.Qd2 
Nc6 9.O-O-O d5 10.Kb1 Rb8 11.g4 e5 12.Nxc6 bxc6 13.Bxa7 Ra8 14.Bc5 Qa5 15.
Bxf8 Bxf8 16.a3 Qa7 17.Qc1 Bc5 18.Rd3 Ba6 19.g5 Nh5 20.exd5 Rb8 21.dxc6 
Bxd3 22.Bxd3 Qxa3 1-0

[Event "34th WCh U20 Girls"]
[Site "Bhubaneswar IND"]
[Date "2016.08.21"]
[Round "13.13"]
[White "Monnisha, Gajendra Babu Kannaiyan"]
[Black "Gomez Barrera, Javiera Belen"]
[Result "0-1"]
[WhiteElo "2101"]
[BlackElo "2055"]
[EventDate "2016.08.08"]
[PlyCount "134"]

1.e4 e5 2.Nf3 Nc6 3.Bb5 a6 4.Ba4 Nf6 5.d3 b5 6.Bb3 Be7 7.O-O d6 8.c3 O-O 
9.Re1 Na5 10.Bc2 c5 11.Nbd2 Nc6 12.Nf1 h6 13.h3 Re8 14.Ne3 Bf8 15.Nh2 d5 
16.Qf3 d4 17.Nf5 Bxf5 18.Qxf5 Rc8 19.Ng4 Nxg4 20.hxg4 Be7 21.Bb3 c4 22.
dxc4 Na5 23.cxb5 Nxb3 24.axb3 axb5 25.Rd1 Qb6 26.Rd3 Red8 27.Rf3 Qe6 28.
Qxe6 fxe6 29.Bd2 Ra8 30.Rxa8 Rxa8 31.Rd3 Ra1+ 32.Kh2 Rd1 33.f4 exf4 34.
Rxd4 e5 35.Rd5 Bh4 36.g3 Bxg3+ 37.Kg2 Rb1 38.c4 Rxb2 39.cxb5 Rxb3 40.Ba5 
Rb2+ 41.Rd2 Rxb5 42.Bc7 Kh7 43.Bd8 Rb4 44.Re2 Rb3 45.Rc2 Re3 46.g5 hxg5 
47.Bxg5 Rxe4 48.Kf3 Ra4 49.Kg4 Ra6 50.Rc7 Be1 51.Rc2 Kg6 52.Re2 Bc3 53.Bd8
Ra4 54.Bc7 Kf6 55.Bd8+ Ke6 56.Bg5 Kd5 57.Kf5 Bd4 58.Kg4 Ra3 59.Bh4 f3 60.
Re1 e4 61.Kf4 f2 62.Rf1 Be5+ 63.Kg4 e3 64.Kf3 Ra1 65.Rxa1 Bxa1 66.Ke2 Ke4 
67.Bg5 Bf6 0-1

[Event "34th WCh U20 Girls"]
[Site "Bhubaneswar IND"]
[Date "2016.08.21"]
[Round "13.14"]
[White "Soyunlu, Narmin"]
[Black "Chandreyee, Hajra"]
[Result "1/2-1/2"]
[WhiteElo "2074"]
[BlackElo "1931"]
[EventDate "2016.08.08"]
[PlyCount "141"]

1.c4 e6 2.g3 d5 3.Bg2 Nf6 4.Nf3 d4 5.d3 c5 6.e3 Nc6 7.exd4 cxd4 8.O-O Bd6 
9.Bg5 h6 10.Bxf6 Qxf6 11.Nbd2 Bc7 12.a3 a5 13.b4 axb4 14.axb4 Rxa1 15.Qxa1
Nxb4 16.Ne4 Qd8 17.Nxd4 O-O 18.Nb5 f5 19.Nec3 Bb6 20.Qb1 Nc6 21.Na4 Bd4 
22.Nxd4 Qxd4 23.Re1 e5 24.Bd5+ Kh8 25.Nb6 f4 26.Re4 Qc5 27.Qb5 Qa3 28.Qb1 
Bf5 29.Bxc6 bxc6 30.Rxe5 Bxd3 31.Qd1 Qb2 32.gxf4 Bg6 33.Re6 Qxb6 34.Rxg6 
Rxf4 35.Qc2 Qd4 36.h3 Qxc4 37.Rxc6 Qxc2 38.Rxc2 Kh7 39.Rc6 Rf6 40.Rc4 Kg6 
41.Rg4+ Kf7 42.Kg2 h5 43.Ra4 Kg6 44.Kg3 Kh6 45.f4 Rb6 46.Ra3 g6 47.Rc3 Rb1
48.Ra3 Rg1+ 49.Kf2 Rb1 50.Kg3 Rb6 51.Rc3 Kg7 52.Kf3 Kf6 53.Ra3 Rb5 54.Ra6+
Kf5 55.Ra3 g5 56.fxg5 Kxg5 57.Ra4 h4 58.Rg4+ Kh5 59.Re4 Rb3+ 60.Re3 Rxe3+ 
61.Kxe3 Kg5 62.Ke4 Kh6 63.Kf4 Kh7 64.Kg5 Kh8 65.Kxh4 Kh7 66.Kh5 Kh8 67.Kg6
Kg8 68.h4 Kh8 69.h5 Kg8 70.h6 Kh8 71.h7 1/2-1/2

[Event "34th WCh U20 Girls"]
[Site "Bhubaneswar IND"]
[Date "2016.08.21"]
[Round "13.16"]
[White "Vantika, Agrawal"]
[Black "Kiolbasa, Oliwia"]
[Result "1/2-1/2"]
[WhiteElo "1974"]
[BlackElo "2319"]
[EventDate "2016.08.08"]
[PlyCount "98"]

1.d4 Nf6 2.Nf3 d5 3.c4 dxc4 4.e3 Bg4 5.Bxc4 e6 6.h3 Bh5 7.Nc3 a6 8.Be2 Nc6
9.O-O Bd6 10.Nd2 Bxe2 11.Qxe2 e5 12.Nc4 exd4 13.exd4+ Qe7 14.Nxd6+ cxd6 
15.Qc4 d5 16.Nxd5 Nxd5 17.Qxd5 Rd8 18.Qh5 O-O 19.Bg5 f6 20.Be3 Nb4 21.Qd1 
Nd5 22.Qb3 Kh8 23.Rac1 f5 24.Rfe1 Qh4 25.Bd2 b5 26.Ba5 Rd7 27.Re5 Qxd4 28.
Rxf5 Nf6 29.Qe6 Qxb2 30.Re1 Qd4 31.Bb6 Qd2 32.Bc5 Rg8 33.Re3 Rdd8 34.Be7 
Nd5 35.Bxd8 Nxe3 36.fxe3 Rxd8 37.Qe7 Rg8 38.Rf2 Qe1+ 39.Rf1 Qd2 40.Rf2 
Qe1+ 41.Rf1 Qd2 42.e4 h6 43.e5 Qe3+ 44.Kh2 Qe2 45.Rf8 Qxa2 46.e6 Qd5 47.
Rf1 Qe5+ 48.Kh1 b4 49.Rf8 Qe1+ 1/2-1/2

[Event "34th WCh U20 Girls"]
[Site "Bhubaneswar IND"]
[Date "2016.08.21"]
[Round "13.17"]
[White "Blagojevic, Tijana"]
[Black "Thomas, Anysia"]
[Result "1-0"]
[WhiteElo "2267"]
[BlackElo "2049"]
[EventDate "2016.08.08"]
[PlyCount "143"]

1.e4 g6 2.d4 Bg7 3.Nc3 a6 4.f4 d5 5.Nxd5 e6 6.Ne3 Qxd4 7.Qxd4 Bxd4 8.Nf3 
Bg7 9.c3 b6 10.Be2 Bb7 11.e5 Ne7 12.Bd2 Nd7 13.O-O-O Nc5 14.Be1 Bh6 15.Bg3
Nd5 16.Nxd5 Bxd5 17.Kb1 O-O 18.Rd4 a5 19.Bh4 a4 20.Ne1 Be4+ 21.Bd3 Nxd3 
22.Rxe4 Nxf4 23.g3 Nh3 24.g4 Ng5 25.Rc4 Rfd8 26.Bxg5 Bxg5 27.Nf3 Bh6 28.
Rxc7 a3 29.Rf1 Rac8 30.Rxc8 Rxc8 31.Rd1 Bf8 32.Rd7 h6 33.Kc2 axb2 34.Kxb2 
Rc4 35.Rd4 Rc5 36.a4 Bg7 37.Re4 Rd5 38.Rd4 Rc5 39.Re4 Rd5 40.Kc2 Bf8 41.
Rd4 Ra5 42.Kd3 Kg7 43.Kc2 Kg8 44.h3 Bg7 45.Re4 Rd5 46.Rb4 Bxe5 47.c4 Rc5 
48.Nxe5 Rxe5 49.Rxb6 f5 50.Rb5 Re4 51.Kd3 Re1 52.a5 f4 53.a6 Ra1 54.Ke4 
Rxa6 55.Kxf4 Rc6 56.c5 g5+ 57.Ke5 Kf7 58.Kd4 Ra6 59.Rb7+ Kf6 60.Kc4 Ra1 
61.c6 Rc1+ 62.Kb5 Ke5 63.Kb6 Rb1+ 64.Kc7 Rc1 65.Kd7 Rd1+ 66.Ke7 Rc1 67.c7 
Kf4 68.Kxe6 Kg3 69.Rb3+ Kh4 70.Kd7 Rd1+ 71.Kc8 h5 72.gxh5 1-0

[Event "34th WCh U20 Girls"]
[Site "Bhubaneswar IND"]
[Date "2016.08.21"]
[Round "13.18"]
[White "Priyanka, Nutakki"]
[Black "Mendoza, Shania Mae"]
[Result "0-1"]
[WhiteElo "2234"]
[BlackElo "2191"]
[EventDate "2016.08.08"]
[PlyCount "130"]

1.d4 Nf6 2.c4 g6 3.Nc3 Bg7 4.e4 d6 5.f4 O-O 6.Nf3 e5 7.fxe5 dxe5 8.d5 Nbd7
9.Bd3 a5 10.O-O Qe7 11.h3 Nc5 12.Bc2 Bd7 13.Be3 Nh5 14.Qd2 f5 15.exf5 gxf5
16.Bg5 Qd6 17.Qf2 e4 18.Be3 b6 19.Qh4 Be8 20.Nd2 Bg6 21.g4 Qg3+ 22.Qxg3 
Nxg3 23.Rfe1 f4 24.Bxc5 bxc5 25.Ncxe4 f3 26.Kf2 Ne2 27.Nxf3 Rxf3+ 28.Kxe2 
Rf4 29.Kd2 Re8 30.Re2 Bxe4 31.Rae1 Bh6 32.Bxe4 Rfxe4+ 33.Kd3 Rd4+ 34.Kc3 
Rf8 35.b3 a4 36.Kc2 axb3+ 37.axb3 Rdf4 38.Re7 Rf2+ 39.Kb1 Bg7 40.h4 Rg2 
41.g5 Rff2 42.Rxc7 Rb2+ 43.Kc1 Ra2 44.Re8+ Bf8 45.Kb1 Raf2 46.Re1 Rb2+ 47.
Kc1 Rxb3 48.Rc8 Ra3 49.Kb1 Rb3+ 50.Kc1 Rc3+ 51.Kb1 Rf3 52.Rd1 Kf7 53.Rc7+ 
Kg6 54.d6 Rb3+ 55.Kc1 Ra3 56.Kb1 Raa2 57.d7 Rab2+ 58.Ka1 Bg7 59.Rc6+ Kh5 
60.Rf6 Ra2+ 61.Kb1 Rgb2+ 62.Kc1 Ra1+ 63.Kxb2 Rxd1 64.Kc2 Bxf6 65.Kxd1 Be7 
0-1

[Event "34th WCh U20 Girls"]
[Site "Bhubaneswar IND"]
[Date "2016.08.21"]
[Round "13.19"]
[White "Srija, Seshadri"]
[Black "Chitlange, Sakshi"]
[Result "0-1"]
[WhiteElo "2102"]
[BlackElo "2014"]
[EventDate "2016.08.08"]
[PlyCount "106"]

1.e4 d5 2.exd5 Nf6 3.Nf3 Nxd5 4.d4 Bg4 5.Be2 e6 6.h3 Bf5 7.O-O Be7 8.a3 
O-O 9.c4 Nf6 10.Nc3 Ne4 11.Be3 Nxc3 12.bxc3 Nd7 13.a4 a5 14.Qb3 b6 15.Nd2 
h6 16.Bf3 Rb8 17.Rfe1 Nf6 18.Nf1 Bd6 19.Ng3 Bh7 20.Qa2 Qe7 21.Rad1 Rfd8 
22.Bc1 Kh8 23.Nf1 Bg6 24.Bc6 Nh5 25.Qe2 Nf4 26.Qf3 Nh5 27.g4 Nf6 28.Re2 
Ng8 29.Ng3 Qh4 30.Ne4 Bf8 31.Bf4 Ne7 32.Bb5 c6 33.Bxb8 Rxb8 34.Ba6 Ra8 35.
Bb7 Ra7 36.Nd6 Ng8 37.Nxf7+ Bxf7 38.Qxf7 Qxh3 39.Qxf8 Qxg4+ 40.Kf1 Qh3+ 
41.Ke1 Qxc3+ 42.Red2 Rxb7 43.Qc8 Rf7 44.Qxc6 Rf4 45.Ke2 Nf6 46.Rd3 Qc2+ 
47.R1d2 Qc1 48.f3 Rh4 49.Qc7 Qg1 50.Re3 Rh2+ 51.Kd3 Qb1+ 52.Kc3 Qb4+ 53.
Kc2 Rxd2+ 0-1

[Event "34th WCh U20 Girls"]
[Site "Bhubaneswar IND"]
[Date "2016.08.21"]
[Round "13.20"]
[White "Divya Lakshmi, R."]
[Black "Visanescu, Daria-Ioana"]
[Result "0-1"]
[WhiteElo "1864"]
[BlackElo "2067"]
[EventDate "2016.08.08"]
[PlyCount "68"]

1.e4 c5 2.Nf3 e6 3.d4 cxd4 4.Nxd4 a6 5.c4 Qc7 6.Nc3 Nf6 7.a3 b6 8.Be3 Bb7 
9.f3 d6 10.Be2 Be7 11.Rc1 Nbd7 12.b4 Rc8 13.O-O O-O 14.Kh1 Qb8 15.Qd2 Bd8 
16.Rc2 Bc7 17.Bg1 Kh8 18.Rd1 Rg8 19.Nb3 g5 20.Qe3 Rg6 21.Na4 Rcg8 22.c5 
dxc5 23.bxc5 Rh6 24.h3 Bf4 25.Qc3 Ne5 26.Be3 Nxe4 27.Qd4 Ng3+ 28.Kg1 Nf5 
29.Qb2 Nxe3 30.Nxb6 Nxd1 31.Bxd1 Qd8 32.Be2 g4 33.fxg4 Be3+ 34.Kh2 Qf6 0-1

[Event "34th WCh U20 Girls"]
[Site "Bhubaneswar IND"]
[Date "2016.08.21"]
[Round "13.21"]
[White "Sapale, Saloni"]
[Black "Yanjinlkham, Bayarsaikhan"]
[Result "0-1"]
[WhiteElo "2080"]
[BlackElo "1990"]
[EventDate "2016.08.08"]
[PlyCount "84"]

1.e4 c5 2.Nf3 d6 3.d4 cxd4 4.Nxd4 Nf6 5.Nc3 a6 6.Be3 e5 7.Nb3 Be6 8.f3 h5 
9.Qd2 Nbd7 10.Nd5 Bxd5 11.exd5 Qc7 12.c4 b6 13.Be2 Be7 14.O-O O-O 15.Nc1 
b5 16.cxb5 Nb6 17.bxa6 Nbxd5 18.Nb3 Nxe3 19.Qxe3 Nd5 20.Rfc1 Qd8 21.Qe4 
Nf4 22.Bf1 Bf6 23.Rc6 d5 24.Qc2 h4 25.g3 Ne6 26.Rd1 Bg5 27.Qf5 Be3+ 28.Kh1
Rc8 29.Rxc8 Qxc8 30.Bd3 g6 31.Qxe5 d4 32.f4 hxg3 33.hxg3 Nxf4 34.Bf5 gxf5 
35.gxf4 Qc6+ 36.Kh2 Qc2+ 37.Kh3 Qxd1 38.Qxf5 Qf3+ 39.Kh4 Qxf4+ 40.Qxf4 
Bxf4 41.Nc5 Ra8 42.b4 Bd6 0-1

[Event "34th WCh U20 Girls"]
[Site "Bhubaneswar IND"]
[Date "2016.08.21"]
[Round "13.22"]
[White "Hoare, Amy"]
[Black "Hiebler, Laura"]
[Result "1/2-1/2"]
[WhiteElo "2017"]
[BlackElo "2110"]
[EventDate "2016.08.08"]
[PlyCount "57"]

1.e4 e6 2.d4 d5 3.Nd2 Nc6 4.Ngf3 Nf6 5.e5 Nd7 6.Nb3 f6 7.Bb5 fxe5 8.dxe5 
Be7 9.Nbd4 Ndb8 10.Nxc6 bxc6 11.Bd3 O-O 12.O-O c5 13.c4 c6 14.Qc2 h6 15.
Qe2 Nd7 16.Ne1 Qe8 17.f4 Ba6 18.b3 Nb6 19.Rf3 Bh4 20.Be3 Bxe1 21.Rxe1 Qe7 
22.Rg3 Kh8 23.Qh5 dxc4 24.bxc4 Bxc4 25.Bb1 Qf7 26.Bg6 Qc7 27.Bb1 Qf7 28.
Bg6 Qc7 29.Bb1 1/2-1/2

[Event "34th WCh U20 Girls"]
[Site "Bhubaneswar IND"]
[Date "2016.08.21"]
[Round "13.23"]
[White "Leonardi, Caterina"]
[Black "Albekova, Dilyara"]
[Result "0-1"]
[WhiteElo "2061"]
[BlackElo "1732"]
[EventDate "2016.08.08"]
[PlyCount "112"]

1.d4 d5 2.c4 c6 3.Nf3 Nf6 4.e3 a6 5.Nc3 b5 6.c5 Nbd7 7.h3 Qc7 8.Be2 e5 9.
O-O g6 10.Nh2 Bg7 11.f4 exd4 12.exd4 O-O 13.f5 b4 14.Bf4 Qa5 15.Nb1 Ne4 
16.Ng4 h5 17.f6 Ndxf6 18.Ne5 Bb7 19.Nd2 Qd8 20.Bf3 a5 21.Re1 Re8 22.Qb3 
Nxd2 23.Bxd2 Nd7 24.Bxd5 Nxe5 25.Rxe5 cxd5 26.Bg5 Qd7 27.Rxe8+ Rxe8 28.Rd1
Qf5 29.Qg3 Re4 30.Be3 h4 31.Qb8+ Qc8 32.Qxc8+ Bxc8 33.Kf2 f5 34.Kf3 Ba6 
35.Rd2 Kf7 36.c6 Ke6 37.c7 Kd7 38.Rc2 Bxd4 39.Bxd4 Rxd4 40.Rc5 Bb7 41.Ke3 
Rc4 42.c8=Q+ Bxc8 43.Rxd5+ Ke6 44.Rxa5 Rc2 45.b3 Rxg2 46.Rb5 Rg3+ 47.Kd4 
Rxh3 48.Rb6+ Kf7 49.Rxb4 Rh1 50.Rb8 Be6 51.Ke5 Re1+ 52.Kf4 Kf6 53.Rf8+ Bf7
54.a4 g5+ 55.Kf3 g4+ 56.Kf2 Rb1 0-1

[Event "34th WCh U20 Girls"]
[Site "Bhubaneswar IND"]
[Date "2016.08.21"]
[Round "13.24"]
[White "Kakulidis, Ellen"]
[Black "Choladze, Mariami"]
[Result "0-1"]
[WhiteElo "1989"]
[BlackElo "2077"]
[EventDate "2016.08.08"]
[PlyCount "106"]

1.d4 Nf6 2.c4 e6 3.Nf3 b6 4.g3 Ba6 5.b3 Bb4+ 6.Nbd2 Bb7 7.Bg2 Bc3 8.Rb1 
Be4 9.O-O Bxb1 10.Nxb1 Bb4 11.Qd3 d5 12.cxd5 Nxd5 13.e4 Ne7 14.a3 Bd6 15.
e5 Nf5 16.exd6 cxd6 17.Ne5 d5 18.a4 O-O 19.Ba3 Re8 20.Rc1 Nd7 21.Nf3 Rc8 
22.Nc3 Rc6 23.Qd2 a6 24.Bf1 Qc8 25.Bd3 Qb7 26.Bb2 Rec8 27.Qf4 Nf6 28.Ne5 
R6c7 29.Bxf5 exf5 30.Qxf5 Ne4 31.Ne2 Rc2 32.Nd3 g6 33.Qg4 h5 34.Qh3 Rxc1+ 
35.Ndxc1 Rc2 36.Ba3 Qc6 37.Qf1 Nd2 38.Qd1 Nf3+ 39.Kg2 Qe6 40.Bb4 Qe4 41.
Kf1 Nxh2+ 42.Kg1 Nf3+ 43.Kf1 h4 44.Qd3 Qg4 45.Kg2 Ng5 46.Ba3 h3+ 47.Kh1 
Rd2 48.Qe3 Rd1+ 49.Ng1 Rxg1+ 50.Kxg1 Qd1+ 51.Kh2 Qf1 52.Qe8+ Kh7 53.Ne2 
Nf3# 0-1

[Event "34th WCh U20 Girls"]
[Site "Bhubaneswar IND"]
[Date "2016.08.21"]
[Round "13.25"]
[White "Omurbekova, Diana"]
[Black "Gamage, Nethmi Nirasha"]
[Result "1-0"]
[WhiteElo "1886"]
[BlackElo "1559"]
[EventDate "2016.08.08"]
[PlyCount "75"]

1.e4 e6 2.d3 d5 3.Nd2 Nf6 4.Ngf3 c5 5.g3 Nc6 6.Bg2 Be7 7.O-O b5 8.e5 Nd7 
9.Re1 a5 10.Nf1 b4 11.Bf4 O-O 12.h4 Qc7 13.Qe2 Ba6 14.c4 Nb6 15.b3 Rad8 
16.Ng5 h6 17.Nh3 Nd4 18.Qg4 Kh8 19.Ne3 Bb7 20.Qh5 dxc4 21.Bxh6 g6 22.Qg4 
Bxg2 23.Kxg2 cxd3 24.h5 Kh7 25.Nf4 Qb7+ 26.f3 Qxf3+ 27.Qxf3 Nxf3 28.Bxf8 
Nxe1+ 29.Rxe1 Bxf8 30.hxg6+ Kg7 31.Rh1 d2 32.Ng4 Be7 33.Rh7+ Kg8 34.Nh6+ 
Kf8 35.g7+ Ke8 36.g8=Q+ Kd7 37.Qg4 Kc8 38.Qd1 1-0

[Event "34th WCh U20 Girls"]
[Site "Bhubaneswar IND"]
[Date "2016.08.21"]
[Round "13.26"]
[White "Ayinala, Shree"]
[Black "Barbier, Astrid"]
[Result "0-1"]
[WhiteElo "1464"]
[BlackElo "1853"]
[EventDate "2016.08.08"]
[PlyCount "74"]

1.c4 f5 2.Nc3 Nf6 3.g3 g6 4.Bg2 Bg7 5.e3 O-O 6.Nge2 d6 7.O-O e5 8.b3 c6 9.
Bb2 Qe7 10.d4 e4 11.Nf4 Na6 12.Qd2 Bd7 13.Rad1 Rfd8 14.a3 Nc7 15.b4 Be8 
16.d5 Ng4 17.Nce2 Ne5 18.Qc2 Rac8 19.Qb3 g5 20.Nh3 cxd5 21.cxd5 Bb5 22.Nd4
Bc4 23.Qc2 Bxf1 24.Bxf1 Rf8 25.Bg2 h6 26.Qb3 Nd3 27.Nxf5 Rxf5 28.Bxg7 Kxg7
29.Bxe4 Qxe4 30.Rxd3 Ne8 31.Rc3 Rxc3 32.Qxc3+ Qe5 33.Qc8 Rf7 34.Qc1 Rc7 
35.Qd2 Rc3 36.Kg2 Qe4+ 37.Kg1 Rb3 0-1

[Event "34th WCh U20 Girls"]
[Site "Bhubaneswar IND"]
[Date "2016.08.21"]
[Round "13.27"]
[White "Minaud, Emily"]
[Black "Santeramo, Alessia"]
[Result "0-1"]
[WhiteElo "1721"]
[BlackElo "2137"]
[EventDate "2016.08.08"]
[PlyCount "84"]

1.e4 e5 2.Nf3 Nc6 3.Bc4 Nf6 4.Nc3 Nxe4 5.Nxe4 d5 6.Bxd5 Qxd5 7.Nc3 Qd8 8.
h3 Be7 9.O-O O-O 10.Re1 f6 11.d3 b6 12.Ne4 Re8 13.Ng3 Bf8 14.c3 Be6 15.Nh4
Qd7 16.Qf3 Ne7 17.Qe2 Nd5 18.Qf1 Rad8 19.Rd1 g6 20.Ne4 Bg7 21.Be3 Qf7 22.
Nf3 h6 23.Bd2 Bc8 24.Ng3 Ba6 25.c4 Ne7 26.b4 Bb7 27.Qe2 Nc6 28.a4 f5 29.
Rab1 Nd4 30.Nxd4 exd4 31.Qf1 f4 32.Nh1 f3 33.g4 h5 34.gxh5 gxh5 35.h4 Be5 
36.Bg5 Rd6 37.Ng3 Bxg3 38.fxg3 Re2 39.Rd2 Rde6 40.Rxe2 Rxe2 41.Bf4 Rg2+ 
42.Kh1 Qf5 0-1